| 000 | 01171cam a2200205 a 4500 | ||
|---|---|---|---|
| 005 | 20260413115022.0 | ||
| 008 | 070611s2008 enka b 001 0 eng | ||
| 020 | _a9780521687157 (pbk) | ||
| 082 | _a330.01 WYD | ||
| 100 | 1 | _aWydick, Bruce | |
| 245 | 1 | 0 |
_aGames in economic development / _cBruce Wydick |
| 260 |
_aNew York : _bCambridge University Press, _c2008. |
||
| 300 |
_axviii, 294 p. : _b\ _c26 cm. |
||
| 365 | _bRs. 795.00 | ||
| 505 | 0 | _aEconomic development, interdependence, and incentives -- Games -- Development traps and coordination games -- Rural poverty, development and the environment -- Risk, solidarity networks, and reciprocity -- Understanding agrarian institutions -- Savings, credit, and microfinance -- Social learning and technology adoption -- Property rights, governance, and corruption -- Conflict, violence, and development -- Social capital -- The political economy of trade and development -- Appendix -- Exercises for interested readers -- References -- Index. | |
| 650 | 0 | _aDevelopment economics. | |
| 650 | 0 | _aGame theory. | |
| 856 | 4 | 1 |
_3Table of contents _uhttp://www.loc.gov/catdir/toc/ecip0720/2007024357.html |
| 942 |
_2ddc _cBK |
||
| 999 |
_c36916 _d36916 |
||